000 00222nam a22000857a 4500
008 161118b xxu||||| |||| 00| 0 eng d
100 _91282
_aNeela Kantan.M.etal
245 _aEnglish-1
260 _aNew Delhi
_bV.E. Education
_c2009
999 _c3986
_d3986